Aký je náš podnik efektívny?
Systematická kontrola technologického procesu. Informácie pre rozhodovanie o vzniknutej situácii na trhu, vo vlastnej výrobe a aj u konkurencie Hodnotenie kvality výrobného procesu. Analyzovanie manažmentu. Kalkulácia nákladov. Fixné náklady pri hodnotení úplných kalkulácií. Hodnotenie usporiadanost...
Gespeichert in:
| 1. Verfasser: | |
|---|---|
| Format: | Buchkapitel |
| Sprache: | Slowakisch |
| Schlagworte: | |
| Tags: |
Keine Tags, Fügen Sie das erste Tag hinzu!
|
MARC
| LEADER | 00000naa$a2200000$$$4500 | ||
|---|---|---|---|
| 001 | 0086650 | ||
| 005 | 20231006122652.5 | ||
| 041 | 0 | |a slo | |
| 044 | |a SK | ||
| 245 | 1 | 0 | |a Aký je náš podnik efektívny? |c Jiří Marek |
| 520 | |a Systematická kontrola technologického procesu. Informácie pre rozhodovanie o vzniknutej situácii na trhu, vo vlastnej výrobe a aj u konkurencie Hodnotenie kvality výrobného procesu. Analyzovanie manažmentu. Kalkulácia nákladov. Fixné náklady pri hodnotení úplných kalkulácií. Hodnotenie usporiadanosti výrobného procesu. | ||
| 610 | 2 | 0 | |a efektívnosť |
| 610 | 2 | 0 | |a podnik |
| 610 | 2 | 0 | |a manažment |
| 610 | 2 | 0 | |a kontrola |
| 610 | 2 | 0 | |a náklady |
| 610 | 2 | 0 | |a proces výrobný |
| 100 | 1 | |a Marek, Jiří | |